Statistics for NCAA Golf Champions

Click here to take the quiz!

General Stats

  • This quiz has been taken 181 times
  • The average score is 18 of 33

Answer Stats

NumberTeam% Correct
3Texas
93%
4Florida
89%
2UCLA
85%
2Georgia
82%
2Oklahoma
82%
9Stanford
82%
2Alabama
78%
2Ohio State
76%
11Oklahoma State
75%
5LSU
72%
1Arizona
70%
2Michigan
69%
1Oregon
69%
2Arizona State
68%
1California
67%
1Texas A&M
67%
1Clemson
63%
21Yale
56%
6Harvard
55%
12Princeton
47%
3Wake Forest
47%
16Houston
42%
1Purdue
39%
1Minnesota
38%
1Notre Dame
38%
1SMU
38%
1BYU
36%
1Dartmouth
35%
1UNLV
33%
1Pepperdine
23%
2Augusta
19%
4North Texas
9%
1San José State
5%

Score Distribution

Percentile by Number Answered

Percent of People with Each Score

Your Score History

You have not taken this quiz